| 000 | | | 06323cbc2a2200000#x 450 |
| 001 | | | 12df9a6e-f39c-4e5c-a172-87796e5ddcff |
| 005 | | | 20181030145124.0 |
| 100 | ## | $a | 20151210l18111811k l0rusy0189 ca |
| 101 | 0# | $a | rus |
| 102 | ## | $a | RU |
| 200 | 1# | $a | Дело об обвинении бывшим студентом Педагогического института И. Александровским священика Б. Вигилянского в присвоении им авторства "Похвальной речи князю Пожарскому" |
| | $j | 17 августа - 25 ноября 1811 г. |
| 251 | ## | $c | Дело |
| 300 | ## | $a | Рукописный текст. Чернила |
| 300 | ## | $a | Оригинальный заголовок дела: Дело по отношению Министра просвещения о перепечатании священиком Б. Вигилянским похвальной речи князю Пожарскому, сочиненной прежде бывшим студентом Педагогического института господином Александровским. 17 августа - 25 ноября 1811 г. |
| 801 | #0 | $a | RU |
| | $b | РГИА |
| | $c | 20151210 |
| 801 | #1 | $a | RU |
| | $b | ГлавНИВЦ |
| | $c | 20151210 |
| | $2 | rusmarc |
| 801 | #2 | $a | RU |
| | $b | ПБ им. Б.Н. Ельцина |
| | $c | 20171114 |
| | $g | RCR |
| | $2 | rusmarc |
| 850 | ## | $a | Федеральное казенное учреждение "Российский государственный исторический архив" (РГИА) |
| 852 | ## | $a | РГИА |
| | $j | 197 |
| 937 | ## | $h | РГИА |
| | $d | 12186830 |
| | $a | ASBIBLIO_SCAN |
| 462 | #0 | $1 | 001a72b6b5a-b506-4d67-873a-f622b4f5e56d |
| | $1 | 2001 |
| | $a | Дела Департамента народного просвещения по цензурной части |
| | $v | Д. 197 |
| | $1 | 251 |
| | $c | Опись |
| | $1 | 852 |
| | $j | 118 |
| 461 | #0 | $1 | 001a74412a3-3cc5-4d21-8f0a-dfe2fbd9e72d |
| | $1 | 2001 |
| | $a | Департамент народного просвещения Министерства народного просвещения |
| | $1 | 251 |
| | $c | Фонд |
| | $1 | 852 |
| | $j | 733 |
| 215 | ## | $a | 19 листов |
| | $d | 36,5х26 см |
| 371 | ## | $a | Документ не является опубликованным и широко распространяемым |
| 105 | ## | $a | y### |
| 122 | 2# | $a | d18110817## |
| | $a | d18111125## |
| 517 | 1# | $a | Дело по отношению Министра просвещения о перепечатании священиком Б. Вигилянским похвальной речи князю Пожарскому, сочиненной прежде бывшим студентом Педагогического института господином Александровским |
| | $e | 17 августа - 25 ноября 1811 г. |
| 035 | ## | $a | 12df9a6e-f39c-4e5c-a172-87796e5ddcff |
| 856 | ## | $u | http://readingroom.main.prlib.ru/item.aspx?id_node=n109009067&mode=full |
| 600 | #1 | $2 | nlr_sh |
| | $3 | RU\NLR\AUTH\66813677 |
| | $a | Пожарский |
| | $b | Д.М. |
| | $f | 1578 - 1642 |
| | $g | Дмитрий Михайлович |
| | $j | Документы и материалы |
| 605 | ## | $2 | acquisition_Prlib |
| | $3 | DITM\AF\0000004166 |
| | $a | Россия в лицах |
| | $l | коллекция |
| 605 | ## | $a | К. Минин и Д. Пожарский |
| | $l | коллекция |
| | $2 | acquisition_Prlib |
| | $3 | LIBNET\UAF\0000078316 |
| 605 | ## | $a | Народ |
| | $l | коллекция |
| | $2 | acquisition_Prlib |
| | $3 | DITM\AF\0000003834 |
| 605 | ## | $a | Власть |
| | $l | коллекция |
| | $2 | acquisition_Prlib |
| | $3 | DITM\AF\0000002775 |
| 606 | 1# | $2 | nlr_sh |
| | $3 | RU\NLR\AUTH\661436473 |
| | $a | Авторское право |
| | $j | Документы и материалы |
| | $y | Россия |
| 686 | ## | $2 | rubbk |
| | $a | 63.3(2)52ю1 |
| | $v | LBC/M |
| 686 | ## | $a | 67.03(2)52ю1 |
| | $v | LBC/M |
| | $2 | rubbk |